| 000 | 00892nmc a2200301 a 4500 | ||
|---|---|---|---|
| 003 | AR-BaBNM | ||
| 005 | 20251128205505.0 | ||
| 008 | 011101s1994 ||||||||||||||000 | spa|| | ||
| 020 | _a84-7827-106-6 | ||
| 040 | _cAR-BaBNM | ||
| 100 | 1 | _aImbernón, Francisco | |
| 245 | 1 | 0 |
_aLa formación y el desarrollo profesional del profesorado _bhacia una nueva cultura profesional |
| 250 | _a1ª ed. | ||
| 260 |
_aBarcelona _bGraó _c1994 |
||
| 300 | 0 |
_a163 p. _btablas |
|
| 490 | 0 |
_aBiblioteca de aula _vv. 4 |
|
| 504 | _aBibliografía: p. 157-163 | ||
| 650 | 4 | _aFORMACION DE DOCENTES | |
| 650 | 4 | _aPERFIL PROFESIONAL DEL DOCENTE | |
| 650 | 4 | _aPLAN DE FORMACION DE DOCENTES | |
| 650 | 4 | _aPRACTICA DOCENTE | |
| 650 | 4 | _aPROGRAMAS DE FORMACION | |
| 650 | 4 | _aTRABAJO | |
| 650 | 4 | _aFORMACION PROFESIONAL | |
| 653 | 0 | _aINSTITUTOS DE FORMACION DOCENTE | |
| 942 | _cBK | ||
| 998 | _csilvi | ||
| 999 |
_c11607 _d11607 |
||